| 000 -LEADER |
| fixed length control field |
00830nam a22001577a 4500 |
| 008 - FIXED-LENGTH DATA ELEMENTS--GENERAL INFORMATION |
| fixed length control field |
221026b ||||| |||| 00| 0 eng d |
| 100 ## - MAIN ENTRY--PERSONAL NAME |
| Personal name |
Adak, R., Pachauri, K.K. and Chaturvedi, R. |
| 245 ## - TITLE STATEMENT |
| Title |
Indigenous bioresources of NER |
| 260 ## - PUBLICATION, DISTRIBUTION, ETC. (IMPRINT) |
| Place of publication, distribution, etc |
Yojana |
| 300 ## - PHYSICAL DESCRIPTION |
| Extent |
66(10), Oct, 2022: p.33-36 |
| 520 ## - SUMMARY, ETC. |
| Summary, etc |
The northeastern region (NER) of Indian comprising of eight states (Assam, Arunachal Pradesh, Manipur, Meghalaya, Mizoram, Nagaland, Tripura, and Sikkim) is blessed with smoky mountains, rivers, waterfalls, evergreen forests valuable natural flora and founa that should be protected, explored and used sustainably. – Reproduced |
| 650 ## - SUBJECT ADDED ENTRY--TOPICAL TERM |
| Topical term or geographic name as entry element |
Northeastern region, NER, Smoky mountains, Rivers, Waterfalls, Evergreen forests, Forests |
| 9 (RLIN) |
35590 |
| 773 ## - HOST ITEM ENTRY |
| Main entry heading |
Yojana |
| 906 ## - LOCAL DATA ELEMENT F, LDF (RLIN) |
| Subject DIP |
BIODIVERSITY |
| 942 ## - ADDED ENTRY ELEMENTS (KOHA) |
| Item type |
Articles |